1959 1004 1916 1274 1405 1697 1328 1617 1153 1414 1507 1151 1891 1293 1051 1565 1135 1195 1088 1423 1077 1068 1148 1099 1469 1994 1383 1015 1508 1514 1430 1570 1649 1616 1234 1230 1158 1717 1985 1609 1330 1430 1747 1987 1756 1814 1581 1752 1148 1967 1407 1695 1496 1874 1228 1936 1083 1272 1812 1083 1761 1754 1280 1571 1875 1811 1734 1848 1918 1711 1203 1705 1011 1115 1236 1391 1096 1338 1651 1806 1445 1807 1122 1409 1376 1185 1767 1866 1867 1602 1181 1099 1138 1655 1345 1314 1077 1970 1777 BCNSPRNW ULIB Ver.6.0+V

เปลี่ยนเป็นภาษาไทย

Change to English
 แสดงรายละเอียดบรรณานุกรม
  กลับหน้าหลัก

Brief Record : Get Marc (ISO 2709) : E-mail record : QR code < ปิดหน้าต่าง
LEADER : 00000nam 2200000uu 4500
001    13399108878
003     ULIB
008    110315s2548||||th 000 0 tha d
020    9743233393
060 04 W825^bพ253ท 2548
100 0  พรทิพย์ โรจนสุนันท์,^cคุณหญิง
245 10 ทำเพื่อศพ /^cพ.ญ. คุณหญิงพรทิพย์ โรจนสุนันทน์ ; บรรณาธิการประยงค์ คงเมือง
250    พิมพ์ครั้งที่ 2
260    กรุงเทพฯ :^bมติชน,^c2548
300    224 หน้า :^bภาพประกอบ ;^c21 ซม.
600 07 พรทิพย์ โรจนสุนันท์,^cคุณหญิง
650  7 นิติพยาธิแพทย์^xชีวประวัติ
650  7 แพทย์หญิง^xชีวประวัติ
650  7 รวมเรื่อง
700 0  ประยงค์ คงเมือง,^eบรรณาธิการ
945    ^p160^l0^i017321
945    ^p160^l0^i017320
995    ทศพร
999 ^a ใช้งานได้ทุกระบบ
รายการนี้ยังไม่มีแท็ก
คุณยังไม่ได้ล็อกอิน คุณสามารถมีกิจกรรมร่วมกับเว็บไซต์ได้ แต่ต้องล็อกอินก่อน ::
  ล็อกอิน

รายการสื่อสารสนเทศ

ลำดับที่ ประเภท เลขเรียก/บาร์โค้ด สถานที่ สถานะ
1. วิทยาศาสตร์การแพทย์ และสุขภาพ
วิทยาศาสตร์การแพทย์ และสุขภาพ
สถานะ=หนังสือเก่า
W825 พ253ท 2548 ฉ.1 
  Barcode: 017320
ห้องสมุดวิทยาเขตสวรรค์ประชารักษ์
►ส่วนจัดเก็บหนังสือเก่า สปร
บนชั้น
  ขอยืม
2. วิทยาศาสตร์การแพทย์ และสุขภาพ
วิทยาศาสตร์การแพทย์ และสุขภาพ
สถานะ=หนังสือเก่า
W825 พ253ท 2548 ฉ.2 
  Barcode: 017321
ห้องสมุดวิทยาเขตสวรรค์ประชารักษ์
►ส่วนจัดเก็บหนังสือเก่า สปร
บนชั้น
  ขอยืม

รายการใกล้เคียง
    หัวเรื่อง [รวมเรื่อง]

BibComment


ยังไม่เคยถูกคอมเมนท์

คอมเมนท์ทรัพยากรรายการนี้
  คอมเมนท์: ทำเพื่อศพ พญ คุณ..


 Copyright 2026. Bcnsprnw @Library